<?xml version="1.0" encoding="UTF-8"?>
<collection xmlns="http://www.loc.gov/MARC21/slim">
 <record>
  <leader>01729pam a22003018a 4500</leader>
  <controlfield tag="001">00030242</controlfield>
  <controlfield tag="005">20171026081022.0</controlfield>
  <controlfield tag="008">130103s2007                  ||||||engsd</controlfield>
  <datafield tag="020" ind1="#" ind2="#">
   <subfield code="a">9780521678186(0)</subfield>
  </datafield>
  <datafield tag="041" ind1="0" ind2="#">
   <subfield code="a">eng</subfield>
  </datafield>
  <datafield tag="082" ind1="1" ind2="4">
   <subfield code="a">428</subfield>
   <subfield code="b">A101L</subfield>
  </datafield>
  <datafield tag="100" ind1="1" ind2="#">
   <subfield code="a">Brown, Steven,</subfield>
   <subfield code="d">1952-</subfield>
  </datafield>
  <datafield tag="245" ind1="1" ind2="0">
   <subfield code="a">Active listening</subfield>
   <subfield code="b"> teachers manual 2</subfield>
   <subfield code="c">Steven Brown, Dorolyn Smith.</subfield>
  </datafield>
  <datafield tag="250" ind1="#" ind2="#">
   <subfield code="a">2nd ed.</subfield>
  </datafield>
  <datafield tag="260" ind1="#" ind2="#">
   <subfield code="a">Cambridge [England]</subfield>
   <subfield code="a">New York</subfield>
   <subfield code="b">Cambridge University Press</subfield>
   <subfield code="c">2007</subfield>
  </datafield>
  <datafield tag="300" ind1="#" ind2="#">
   <subfield code="a">ix, 184 p.</subfield>
   <subfield code="b"> ill.</subfield>
   <subfield code="c">28 cm.</subfield>
   <subfield code="e">1 CD-ROM (4 3/4 in.)</subfield>
  </datafield>
  <datafield tag="500" ind1="#" ind2="#">
   <subfield code="a">Quizzes and tests audio CD</subfield>
  </datafield>
  <datafield tag="653" ind1="#" ind2="#">
   <subfield code="a">Kỹ năng nghe</subfield>
  </datafield>
  <datafield tag="653" ind1="#" ind2="#">
   <subfield code="a">Tiếng Anh</subfield>
  </datafield>
  <datafield tag="653" ind1="#" ind2="#">
   <subfield code="a">Sách giáo viên</subfield>
  </datafield>
  <datafield tag="653" ind1="#" ind2="#">
   <subfield code="a">Listening</subfield>
  </datafield>
  <datafield tag="700" ind1="1" ind2="#">
   <subfield code="a">Smith, Dorolyn.</subfield>
  </datafield>
  <datafield tag="852" ind1="#" ind2="#">
   <subfield code="b">Kho giáo trình</subfield>
   <subfield code="j">KGT.0035518, KGT.0036906, KGT.0036907, KGT.0036908, KGT.0036909, KGT.0036910, KGT.0036911, KGT.0036912, KGT.0036913, KGT.0036914, KGT.0036915, KGT.0036916, KGT.0036917, KGT.0036918, KGT.0036919, KGT.0036920, KGT.0036921, KGT.0036922, KGT.0036923, KGT.0036924, KGT.0036925, KGT.0036926, KGT.0036927, KGT.0036928, KGT.0036929, KGT.0036930, KGT.0036931, KGT.0036932, KGT.0036933</subfield>
  </datafield>
  <datafield tag="852" ind1="#" ind2="#">
   <subfield code="j">KGT.0035518</subfield>
   <subfield code="j">KD.0014288</subfield>
   <subfield code="j">KGT.0036907</subfield>
   <subfield code="j">KGT.0036908</subfield>
   <subfield code="j">KGT.0036909</subfield>
   <subfield code="j">KGT.0036911</subfield>
   <subfield code="j">KGT.0036912</subfield>
   <subfield code="j">KGT.0036914</subfield>
   <subfield code="j">KGT.0036915</subfield>
   <subfield code="j">KGT.0036917</subfield>
   <subfield code="j">KGT.0036918</subfield>
   <subfield code="j">KGT.0036920</subfield>
   <subfield code="j">KGT.0036922</subfield>
   <subfield code="j">KGT.0036923</subfield>
   <subfield code="j">KGT.0036925</subfield>
   <subfield code="j">KGT.0036926</subfield>
   <subfield code="j">KGT.0036928</subfield>
   <subfield code="j">KGT.0036929</subfield>
   <subfield code="j">KGT.0036931</subfield>
   <subfield code="j">KGT.0036932</subfield>
   <subfield code="j">KGT.0036906</subfield>
   <subfield code="j">KGT.0036910</subfield>
   <subfield code="j">KGT.0036913</subfield>
   <subfield code="j">KGT.0036916</subfield>
   <subfield code="j">KGT.0036919</subfield>
   <subfield code="j">KGT.0036921</subfield>
   <subfield code="j">KGT.0036924</subfield>
   <subfield code="j">KGT.0036927</subfield>
   <subfield code="j">KGT.0036930</subfield>
   <subfield code="j">KGT.0036933</subfield>
  </datafield>
  <datafield tag="852" ind1="#" ind2="#">
   <subfield code="b">Kho đọc</subfield>
   <subfield code="j">KD.0014288</subfield>
  </datafield>
  <datafield tag="852" ind1="#" ind2="#">
   <subfield code="b">Kho mượn</subfield>
   <subfield code="j">KGT.0035518</subfield>
  </datafield>
  <datafield tag="910" ind1=" " ind2=" ">
   <subfield code="d">03/01/2013</subfield>
  </datafield>
  <datafield tag="980" ind1="#" ind2="#">
   <subfield code="a">Trung tâm Học liệu Lê Vũ Hùng, Trường Đại học Đồng Tháp</subfield>
  </datafield>
 </record>
</collection>
